Hazai fagylalt körkép a keresleti és a kínálati oldal összehasonlítása

Bibliographic Details
Main Author: Fekete Viktória Mercédesz
Other Authors: Hidvégi Hedvig
Őry Kinga
Format: Thesis
Kulcsszavak:adatkapcsolat
jogszabályi háttér
kereslet-kínálat
varianciaanalízis
vendéglátás
Online Access:http://dolgozattar.uni-bge.hu/59852

MARC

LEADER 00000nta a2200000 i 4500
001 dolg59852
005 20260409145643.0
008 260409suuuu hu om 000 hun d
040 |a BGE Dolgozattár Repozitórium  |b hun 
041 |a hu 
100 1 |a Fekete Viktória Mercédesz 
245 1 0 |a Hazai fagylalt körkép  |b a keresleti és a kínálati oldal összehasonlítása  |c Fekete Viktória Mercédesz  |h [elektronikus dokumentum] 
520 3 |a Dolgozatom célja, hogyátfogóan bemutassam a fagylaltozás kapcsán a hazai kereslet és kínálat helyzetét.Kutatási kérdéseim a hazai keresleti és kínálati oldalra vonatkoznak, megvizsgálvamindkét oldalt. A kereslet és a kínálat hogyan és mennyire követi egymást. A piacvizsgálatlehetőséget ad arra, hogy összefüggéseket találhassunk, és esetlegesen különbözőségekre isfény derüljön, amennyiben ez az eset előjön megoldást is találhatok ennek orvoslására.- mi jellemzi a hazai fogyasztási szokásokat?- a kínálati oldal egységei mennyire figyelik a keresleti oldal változásait?- milyen összefüggések, trendek mutathatóak ki a piacvizsgálat eredményeiből?- milyen lépésekkel lehetne egyensúlyba hozni a keresleti és kínálati oldalt?Kutatásom során szakirodalomfeldolgozást végeztem és primer kutatási módszereket isalkalmaztam. A szakirodalmak áttekintése mellett a hazai jogszabályozást is górcső alá vettem.Valamint a Központi Statisztikai Hivatal témára irányuló kimutatásait is vizsgáltam. Primermódon online kérdőívekkel kutattam – külön a keresleti, és külön a kínálati oldalt. Mindkettőtugyanolyan módszerrel szerettem volna vizsgálat alá vetni, hogy az eredményeketszakszerűbben össze lehessen hasonlítani. Statisztikai elemzéseket végeztem, amivelkapcsolatokra, trendekre, összefüggésekre szerettem volna fényt deríteni.A kapott eredményekből javaslatokat fogalmaztam meg, amik az összegzés alapjául isszolgáltak egyben. 
695 |a adatkapcsolat 
695 |a jogszabályi háttér 
695 |a kereslet-kínálat 
695 |a varianciaanalízis 
695 |a vendéglátás 
700 1 |a Hidvégi Hedvig  |e ths 
700 1 |a Őry Kinga  |e ths 
856 4 0 |u http://dolgozattar.uni-bge.hu/59852/1/SZAKDOLGOZAT_2025.pdf  |z Dokumentum-elérés 
856 4 0 |u http://dolgozattar.uni-bge.hu/59852/2/A7SSNJ%20Fekete%20Vikt%C3%B3ria%20Merc%C3%A9desz.pdf  |z Dokumentum-elérés 
856 4 0 |u http://dolgozattar.uni-bge.hu/59852/3/Szakdolgozat%20%C3%A9rt%C3%A9kel%C5%91%20Bsc_Fekete%20Vikt%C3%B3ria%20Merc%C3%A9desz.pdf  |z Dokumentum-elérés 
856 4 0 |u http://dolgozattar.uni-bge.hu/59852/4/Fekete%20Vikt%C3%B3ria%20Merc%C3%A9desz_k%C3%BCls%C5%91%20konzulens_%C5%90ry%20Kinga.pdf  |z Dokumentum-elérés